| 000 | 005710000a22001810004500 | ||
|---|---|---|---|
| 003 | MACL | ||
| 005 | 20160514135424.0 | ||
| 008 | 160514b xxu||||| |||| 00| 0 eng d | ||
| 040 |
_aMACL _cMACL |
||
| 041 | _aHindi | ||
| 082 | _a891.433 | ||
| 100 |
_aसहगल, मनमोहन _943783 |
||
| 245 |
_aमिले सुर मेरा तुम्हारा _cमनमोहन सहगल |
||
| 260 |
_bपंचशील प्रकाशन _c2009 _aजयपुर |
||
| 350 | _a300 | ||
| 650 |
_aNovel _957087 |
||
| 942 |
_cHIN _k891.433/SAH/N _2ddc |
||
| 999 |
_c45801 _d45801 |
||